LEADER 00800nam0-22002771i-450- 001 990005581330403321 005 20050621101122.0 035 $a000558133 035 $aFED01000558133 035 $a(Aleph)000558133FED01 035 $a000558133 100 $a19990604d1969----km-y0itay50------ba 101 0 $aita 105 $aaf------00--- 200 1 $aFrederick Barbarossa$eA study in medieval politics$fPeter Munz 210 $aLondon$cEyre & Spottiswoode$d1969 215 $aXIX, 422 p., 9 tav.$cill.$d22 cm 676 $a943.024092$v21$zita 700 1$aMunz,$bPeter$0215256 801 0$aIT$bUNINA$gRICA$2UNIMARC 901 $aBK 912 $a990005581330403321 952 $a943.024 MUN 1$bST.MED.MOD. 3587$fFLFBC 959 $aFLFBC 996 $aFrederick Barbarossa$9607526 997 $aUNINA